000 00862cab a2200229 4500
001 WB3018-07
008 090401t1994 xxu||||| |||| 00| 0 eng d
035 _a(Sirsi) u47109
041 _aeng
245 _aHousing subsidence
260 _c1994
350 _a0
490 _aObserver
_v8 May 1994, 15;
490 _aIndependent
_v7 May 1994, 28(2)
520 _aThe Institution of Structural Engineers proposes that homeowners with subsidence and related problems may receive a `Certificate of structural adequacy` from an engineer, in place of guarantees offered by contractors. The Subsidence Claims Advisory Bureau has also launched a new insurance scheme.
650 _aGUARANTEES
650 _aINSTITUTION OF STRUCTURAL ENGINEERS
650 _aSUBSIDENCE
690 _aBUILT ENVIRONMENT-BUILDING PATHOLOGY
942 _n0
948 _c04/03/1997
999 _c29712
_d29712